[Event "SVK Extraliga 2019-20"]
[Site "Slovakia"]
[Date "2020.09.04"]
[Round "9.2"]
[White "Pechac, Jergus"]
[Black "Tazbir, Marcin"]
[Result "0-1"]
[WhiteElo "2516"]
[BlackElo "2510"]
[Annotator "TA"]
[PlyCount "76"]
[EventDate "2019.10.19"]
[EventType "team-tourn"]
[EventCountry "SVK"]
[SourceTitle "playchess.com"]
[Source "ChessBase"]
[SourceQuality "1"]
[WhiteTeam "Zilina"]
[BlackTeam "Dunajov"]

{[%evp 9,76,12,6,3,12,0,17,13,17,8,25,8,15,7,53,49,107,79,116,114,122,119,117,112,114,105,215,101,99,93,93,102,96,88,162,156,143,99,92,95,147,133,134,140,193,202,198,39,38,43,31,-208,-187,-197,-195,-187,-192,-198,-202,-202,-202,-185,-191,-497,-480,-288,-227,-410,-355]} 1. d4 d5 2. Nf3 Nf6 3. Bf4 e6 4. e3 Bd6 5. Bg3 O-O 6. c4 {D02: 1 d4 d5 2 Nf3 sidelines, including 2...Nf6 3 g3 and 2...Nf6 3 Bf4.} b6 7. cxd5 exd5 8. Nc3 {The position is equal.} h6 {[#]} 9. Be2 $146 ({Predecessor:} 9. Qc2 a6 10. Bd3 Re8 11. O-O Bxg3 12. hxg3 Bb7 13. b4 Nbd7 14. Rfc1 Ne4 15. Rab1 {0-1 (49) Vizvari,L (2033)-Slaby,J (1781) Slovakia 2007}) 9... Bb7 10. Qc2 Bxg3 11. hxg3 Nbd7 12. Qf5 Qe7 (12... c5 $14) 13. g4 $16 Qe6 14. Qxe6 fxe6 15. g5 hxg5 16. Nxg5 e5 17. Nb5 c5 (17... exd4 $16 {was necessary.} 18. Nxd4 (18. Nxc7 dxe3 19. Nxa8 exf2+ 20. Kxf2 Ne4+ {[%mdl 64] Double Attack, Discovered Attack (Double check)} 21. Kg1 Nxg5 $16) 18... Ne5) 18. O-O-O (18. Nd6 $18 {and White stays clearly on top.}) 18... Ba6 19. Rh4 {Rdh1 is the strong threat.} Rfc8 20. Kb1 $40 {[%mdl 128] White attacks with force.} cxd4 21. exd4 e4 (21... Bxb5 $16 22. Bxb5 exd4) 22. Rdh1 $18 {[%csl Gh1][%cal Rh4h8]} Kf8 23. a4 Ke7 24. f3 $1 {[%cal Rf3e4]} Nf8 (24... Bb7 $142) 25. fxe4 $16 Ng6 26. R4h3 {Black must now prevent e5.} Nf4 {[#]} (26... dxe4 $16 27. Nxe4 Nxe4) 27. e5 $1 $18 {[%cal Re5f6]} Nxe2 {[#]} 28. exf6+ $2 (28. Rf1 $1 $18 Bxb5 29. exf6+ gxf6 30. Rh7+ Ke8 31. axb5 fxg5 32. Re1) 28... Kxf6 $14 29. Nh7+ Kg6 30. Rh5 $2 {[#] This costs White the game.} ({And not} 30. Nd6 Rc6 $17) (30. Rh4 $14 {stays ahead.}) 30... Rc1+ $1 $19 {[%mdl 576] Deflection} 31. Rxc1 {And now Rch1 would win.} Kxh5 32. Rf1 Bxb5 33. axb5 {[%mdl 4096] Endgame KRN-KRN} Re8 34. Nf8 Nxd4 35. Nd7 Kg4 36. Rf7 $2 (36. Rd1 {is more resistant.} Re4 37. Nb8) 36... Nf5 37. Kc2 Kf4 38. b4 $2 (38. Nf8 {keeps fighting.}) 38... d4 {Accuracy: White = 65%, Black = 68%.} 0-1

[Event "SVK Extraliga 2019-20"]
[Site "Slovakia"]
[Date "2020.09.04"]
[Round "9.2"]
[White "Nemeth, Miklos"]
[Black "Polak, Tomas"]
[Result "1/2-1/2"]
[WhiteElo "2486"]
[BlackElo "2563"]
[Annotator "TA"]
[PlyCount "35"]
[EventDate "2019.10.19"]
[EventType "team-tourn"]
[EventCountry "SVK"]
[SourceTitle "playchess.com"]
[Source "ChessBase"]
[SourceQuality "1"]
[WhiteTeam "Streda"]
[BlackTeam "Podhajska"]

{[%evp 19,35,12,23,9,28,18,30,18,17,13,20,18,23,17,23,24,16,16]} 1. e4 e5 2. Nf3 Nf6 3. Nxe5 d6 4. Nf3 Nxe4 5. Qe2 Qe7 6. d3 Nf6 7. Bg5 Qxe2+ 8. Bxe2 Nbd7 {[%cal Bb8d7,Bd7c5,Bc5e6,Be6d4][%mdl 32]} 9. Nc3 h6 10. Bd2 $1 {[%mdl 4] now scores much better than the old 10.Bh4.} g6 11. O-O-O {C42: Petroff Defence: 3 Nxe5 and unusual White 3rd moves.} Bg7 12. h3 {[#]} a6 $146 ({Predecessor:} 12... Nb6 13. Rhe1 Bd7 14. Bf1+ Kf8 15. Ne4 Re8 16. Bc3 Nxe4 17. Bxg7+ Kxg7 18. dxe4 Re7 {½-½ (18) Sermek,D (2525)-Rausis,I (2500) Cairo 2001}) 13. Nh2 {White has an edge.} Nc5 14. Bf3 Ne6 15. Rde1 Kd8 16. Ng4 Nd4 17. Bd1 Be6 18. Nxf6 {An uneventful encounter.} 1/2-1/2

[Event "SVK Extraliga 2019-20"]
[Site "Slovakia"]
[Date "2020.09.04"]
[Round "9.3"]
[White "Smolen, Jan"]
[Black "Bernasek, Jan"]
[Result "1/2-1/2"]
[WhiteElo "2420"]
[BlackElo "2494"]
[Annotator "TA"]
[PlyCount "53"]
[EventDate "2019.10.19"]
[EventType "team-tourn"]
[EventCountry "SVK"]
[SourceTitle "playchess.com"]
[Source "ChessBase"]
[SourceQuality "1"]

{[%evp 26,27,0,0]} 1. Nf3 c5 2. c4 Nc6 3. Nc3 g6 4. g3 Bg7 5. Bg2 e6 6. e3 Nge7 7. d4 cxd4 8. Nxd4 Nxd4 9. exd4 d5 10. cxd5 Nxd5 11. Nxd5 exd5 12. O-O O-O 13. Be3 Be6 14. Qd2 {[#]} {Predecessor:} Qd6 $146 {A36: Symmetrical English vs ...g6: 4 Bg2 Bg7.} 15. Rac1 Rfc8 16. Rxc8+ Rxc8 17. Rc1 Rxc1+ 18. Qxc1 h5 19. h4 Qb6 20. Qc3 Bf8 21. a3 Bd6 22. Bf3 Qc7 23. Qxc7 Bxc7 24. Kf1 Kf8 25. Ke1 Ke7 26. Kd2 Kd7 27. Kc3 {½-½ (27) Albornoz Cabrera,C (2559)-Martinez Duany,L (2536) Merida 2018} 1/2-1/2

[Event "SVK Extraliga 2019-20"]
[Site "Slovakia"]
[Date "2020.09.04"]
[Round "9.3"]
[White "Chovan, Milan"]
[Black "Bokros, Albert"]
[Result "1/2-1/2"]
[WhiteElo "2328"]
[BlackElo "2483"]
[Annotator "TA"]
[PlyCount "22"]
[EventDate "2019.10.19"]
[EventType "team-tourn"]
[EventCountry "SVK"]
[SourceTitle "playchess.com"]
[Source "ChessBase"]
[SourceQuality "1"]
[WhiteTeam "Podhajska"]
[BlackTeam "Streda"]

{[%evp 12,22,9,8,33,0,21,16,8,9,19,17,10]} 1. d4 d5 2. c4 e6 3. Nc3 Bb4 4. Qa4+ Nc6 5. Nf3 Nf6 6. e3 O-O 7. Bd2 {7.Qc2 is more fashionable.} Re8 {D38: Queen's Gambit Declined: Ragozin Defence (4 Nf3 Bb4).} 8. Be2 a6 {The position is equal.} 9. O-O {[#]} Bd6 $146 ({Predecessor:} 9... dxc4 10. Bxc4 Bd6 11. a3 h6 12. b4 e5 13. Qb3 Qe7 14. h3 e4 15. Nh2 b5 {0-1 (44) Mascaro March,P (2376)-Vaibhav,S (2591) Barcelona 2019}) 10. c5 Bf8 11. b4 Rb8 {Not much happened in this game.} 1/2-1/2

[Event "SVK Extraliga 2019-20"]
[Site "Slovakia"]
[Date "2020.09.04"]
[Round "9.4"]
[White "Bagi, Mate"]
[Black "Vymazal, Bronislav"]
[Result "1-0"]
[WhiteElo "2478"]
[BlackElo "2351"]
[Annotator "TA"]
[PlyCount "151"]
[EventDate "2019.10.19"]
[EventType "team-tourn"]
[EventCountry "SVK"]
[SourceTitle "playchess.com"]
[Source "ChessBase"]
[SourceQuality "1"]
[WhiteTeam "Streda"]
[BlackTeam "Podhajska"]

{[%evp 21,151,20,37,10,41,16,15,11,16,16,45,34,55,57,52,47,56,48,47,22,30,13,27,4,66,0,56,64,66,73,81,76,90,90,94,90,87,87,92,70,92,81,100,99,100,93,140,140,140,127,130,133,140,140,140,140,141,125,131,122,141,141,141,141,141,141,141,141,141,141,141,141,141,141,141,133,122,129,129,115,122,122,122,122,122,122,122,122,122,122,196,122,137,122,172,122,122,122,130,114,122,122,122,122,122,0,138,122,138,122,295,288,369,366,396,326,668,629,1385,1383,1244,1258,967,450,29969,29969,6452,6315,29980,29979,29978,29979]} 1. e4 e5 2. Nf3 Nf6 3. Nc3 Nc6 4. Bb5 Bb4 5. O-O O-O 6. d3 d6 7. Bg5 Bxc3 8. bxc3 Qe7 9. Re1 Nd8 10. d4 Ne6 11. Bc1 Rd8 12. Bd3 {C49: Four Knights: 4 Bb5 Bb4.} Nf8 13. Rb1 Ng6 {[#]} 14. h3 $146 {The position is equal.} ({Predecessor:} 14. Be3 h6 15. Nd2 Ng4 16. Nf1 Qf6 17. Be2 Nxe3 18. Nxe3 c6 19. Bg4 b6 20. Bxc8 Raxc8 {0-1 (32) Sheskin,M (2207)-Brunello,S (2476) Rijeka 2010}) 14... h6 15. Nh2 c5 16. Nf1 Be6 17. d5 Bc8 18. Ng3 Nh7 19. Nf5 Qf6 20. g3 (20. Qg4 {feels hotter.} Kh8 21. c4 Nf4 22. Qg3 b6 23. Bb2) 20... Ne7 21. Nxe7+ Qxe7 22. Bf1 g5 (22... a6 $11) 23. Kh2 (23. Bg2 $14) 23... b6 (23... f5 $1 $11) 24. Bg2 $36 {[%mdl 2048] White is more active.} Bd7 25. c4 Kg7 26. Rb3 Nf8 27. f4 f6 28. f5 Rdb8 29. Bf1 a6 30. Bd2 b5 31. Ba5 Rb7 32. Qd2 Rab8 33. Reb1 b4 34. R3b2 Ba4 35. Be2 Qd7 36. Kg2 Qf7 37. Qd1 Qd7 38. Qd3 Kf7 39. Bh5+ Ke7 40. Kf2 Bb5 41. c3 bxc3 42. Qxc3 Ba4 43. Be2 Qc8 44. Ke3 Be8 45. Qa3 Rxb2 46. Rxb2 Rb7 47. Rb3 Qb8 48. Kd2 Nd7 49. Qb2 Rxb3 50. axb3 Qa7 51. Qc1 Qb7 52. Kc2 Kf8 53. Qh1 Kg7 54. Qa1 {Qa4 is the strong threat.} Kf8 55. Kc3 Qa7 {[#]} (55... Qc8 $16 56. h4 Kg7) 56. Qa3 (56. Qd1 $1 $18) 56... Ke7 57. Qc1 Kf8 58. Bd1 Bf7 59. Qd2 Ke7 60. Qh2 Kf8 61. Qa2 Be8 62. Be2 Ke7 63. Qa1 (63. Kc2 $16) 63... Bf7 (63... Kf8 $1 $11 {keeps the balance.}) 64. Qd1 Nf8 65. h4 Nh7 $2 {[#] This costs Black the game.} (65... Qb8 $16 66. Qa1 Qe8) 66. Bh5 $18 Kf8 67. Bg6 Kg7 68. Qh5 gxh4 $2 (68... Nf8 69. Bxf7 Qxf7 70. Qxf7+ Kxf7) 69. gxh4 Nf8 {[%cal Rf8g6]} 70. Bxf7 Qxf7 71. Qxf7+ Kxf7 {KB-KN} 72. b4 (72. Kb2 $142 Ke7 73. Ka3) 72... Nd7 (72... Ke7 $18 73. bxc5 dxc5) 73. b5 axb5 74. cxb5 {[%cal Bc4b5,Bb5b6][%mdl 32]} Ke7 75. Kc4 Nf8 76. b6 {Accuracy: White = 85%, Black = 68%.} 1-0

[Event "SVK Extraliga 2019-20"]
[Site "Slovakia"]
[Date "2020.09.04"]
[Round "9.4"]
[White "Jurcik, Marian"]
[Black "Kantorik, Marian"]
[Result "1-0"]
[WhiteElo "2426"]
[BlackElo "2211"]
[Annotator "TA"]
[PlyCount "113"]
[EventDate "2019.10.19"]
[EventType "team-tourn"]
[EventCountry "SVK"]
[SourceTitle "playchess.com"]
[Source "ChessBase"]
[SourceQuality "1"]
[WhiteTeam "Zilina"]
[BlackTeam "Dunajov"]

{[%evp 10,113,38,42,32,32,27,25,64,31,37,32,71,52,61,70,96,104,104,104,97,85,104,109,103,45,43,27,37,37,78,21,55,55,104,97,108,68,117,112,112,70,117,108,123,124,125,104,104,99,103,71,131,125,181,188,185,228,195,212,225,231,248,236,198,183,165,151,119,152,120,28,30,28,30,30,37,38,33,43,54,46,45,46,51,52,50,50,75,77,77,82,94,122,190,65,156,75,278,0,0,0,0,0,745,716]} 1. e4 e6 2. d4 d5 3. Nc3 Bb4 4. e5 c5 5. Bd2 cxd4 6. Nb5 $1 {[%csl LRb4,LRd4]} Be7 {C17: French: 3 Nc3 Bb4 4 e5 c5 sidelines.} 7. Qg4 Kf8 8. Nf3 Nc6 {White has an edge.} 9. Nbxd4 h5 10. Qf4 Nxd4 11. Qxd4 (11. Nxd4 {looks sharper.} Nh6 12. Bd3 Qb6 13. Bc3 Bd7 14. O-O) 11... Nh6 12. Bd3 Nf5 13. Bxf5 exf5 {[#]} 14. Bb4 $146 ({Predecessor:} 14. h4 Be6 15. Bg5 Qa5+ 16. Qd2 Qxd2+ 17. Kxd2 Bxg5+ 18. hxg5 Ke7 19. Rh4 Rac8 20. Ra4 {1-0 (44) Matthey,H-Huba,M (2195) Bojnice 1993}) 14... Be6 15. O-O Bxb4 16. Qxb4+ {[%mdl 64] Double Attack} Qe7 17. Qxe7+ (17. Qd2 $16) 17... Kxe7 $14 18. Rfd1 Rac8 19. c3 Rc4 20. Rd4 (20. Nd4 $16) 20... Rxd4 21. Nxd4 $11 {[%mdl 4096] Endgame KRB-KRN} a6 22. h4 Rc8 23. Kf1 g6 24. Ke2 Bd7 25. Rd1 Be6 26. Nb3 Rc7 27. Rd4 f6 28. exf6+ Kxf6 29. Rb4 b5 30. Ke3 Ke5 ({Black should play} 30... g5) 31. Nc1 $16 Rc4 {[#]} (31... Kf6 $16) 32. Nd3+ $1 $18 Kd6 33. Rxc4 dxc4 {KB-KN} 34. Nf4 Bf7 35. Kd4 Be8 36. g3 Bf7 37. Nh3 Be6 38. Ng5 Bd5 39. a3 a5 {[#]} 40. a4 ({Better is} 40. Nh3 $1 $16) 40... bxa4 $11 41. f4 Kc6 42. Ke5 Kc5 43. Kf6 Kb5 44. Kxg6 a3 $1 {[%cal Ra3b2]} 45. bxa3 Ka4 46. Kxh5 {Black must now prevent Kg6.} Kxa3 47. Kg6 {Strongly threatening h5.} a4 48. h5 {And now h6 would win.} (48. Kxf5 $2 Kb3 $19) 48... Kb2 49. h6 {Hoping for h7.} (49. Kxf5 Bg8 $19) 49... a3 50. h7 (50. Kxf5 Bg8 $11) 50... a2 51. h8=Q a1=Q 52. Qe5 ({Resist} 52. Kxf5 $6 Qb1+ 53. Ke5 Bb7 $14) (52. Qd4 $18 Qa5 53. Qe5 (53. Kxf5 Bb7+ 54. Kf6 Qxc3 $16)) 52... Bc6 ({Black should try} 52... Qd1 $14) 53. Ne6 (53. Kxf5 $142 Qd1 54. g4) 53... Be8+ $2 (53... Qh1 $16 {keeps fighting.}) 54. Kh6 $2 (54. Kxf5 $18 {Threatens to win with Qb8+.} Qb1+ 55. Kf6 Qg6+ 56. Ke7) 54... Qh1+ 55. Kg7 $1 {Qb8+ is the strong threat.} Qb7+ 56. Nc7 Qe4 $2 {[%mdl 8192]} (56... Bd7 $11) 57. Nxe8 {Accuracy: White = 69%, Black = 66%.} 1-0

[Event "SVK Extraliga 2019-20"]
[Site "Slovakia"]
[Date "2020.09.04"]
[Round "9.5"]
[White "Vass, Frantisek"]
[Black "Varga, Zoltan"]
[Result "1/2-1/2"]
[WhiteElo "2310"]
[BlackElo "2419"]
[Annotator "TA"]
[PlyCount "20"]
[EventDate "2019.10.19"]
[EventType "team-tourn"]
[EventCountry "SVK"]
[SourceTitle "playchess.com"]
[Source "ChessBase"]
[SourceQuality "1"]
[WhiteTeam "Podhajska"]
[BlackTeam "Streda"]

{[%evp 9,20,8,21,18,23,11,24,8,3,-1,-8,-32,-6]} 1. d4 d5 2. Nf3 c6 3. c4 dxc4 4. Qc2 Bg4 {[#]} 5. e3 $146 ({Predecessor:} 5. Nbd2 e6 6. Qxc4 Nf6 7. Ne5 Bf5 8. Ndf3 Be7 9. g3 a5 10. a3 Nd5 11. Bg2 a4 {0-1 (33) Vorel,B-Praude,R (2109) Ceska Trebova 2006}) 5... Bxf3 6. gxf3 {D11: Slav Defence: 3 Nf3 sidelines and 3...Nf6 4 e3 Bg4.} e6 7. Bxc4 Nd7 8. Nc3 Ngf6 9. Rg1 g6 10. f4 Nd5 {Not much happened in this game.} 1/2-1/2

[Event "SVK Extraliga 2019-20"]
[Site "Slovakia"]
[Date "2020.09.04"]
[Round "9.5"]
[White "Lisko, Frantisek"]
[Black "Petrik, Tomas"]
[Result "0-1"]
[WhiteElo "2223"]
[BlackElo "2449"]
[Annotator "TA"]
[PlyCount "71"]
[EventDate "2019.10.19"]
[EventType "team-tourn"]
[EventCountry "SVK"]
[SourceTitle "playchess.com"]
[Source "ChessBase"]
[SourceQuality "1"]
[WhiteTeam "Dunajov"]
[BlackTeam "Zilina"]

{[%evp 18,71,38,26,37,32,37,27,38,30,52,57,53,47,82,79,81,80,87,76,88,72,162,169,168,166,191,190,140,13,0,12,17,4,13,0,92,80,164,156,135,82,69,79,79,28,28,19,19,30,25,0,0,-52,0,0]} 1. d4 e6 2. c4 Nf6 3. Nc3 Bb4 4. e3 O-O 5. Bd3 d5 6. Nf3 c5 7. O-O Nc6 8. cxd5 exd5 9. dxc5 Bxc5 10. h3 Re8 {D37: Queen's Gambit Declined: 5 Bf4.} 11. b3 a6 12. Bb2 Ba7 {White has an edge.} 13. Rc1 Be6 14. Ne2 {[#]} Ne4 $146 ({Predecessor:} 14... Bb8 15. Ned4 Nxd4 16. Bxd4 Ne4 17. Qc2 Qd7 18. Bxe4 dxe4 19. Qxe4 Bxh3 20. Qh4 Bf5 {0-1 (38) Matveeva,O (2230)-Papin,V (2570) Moscow 2012}) 15. Bxa6 Bxe3 16. Bxb7 {[%mdl 64] Double Attack} Bxf2+ {[%mdl 64] Decoy} 17. Rxf2 Nxf2 18. Kxf2 Qb6+ 19. Ned4 Rxa2 (19... Qxb7 $16 {was called for.} 20. Rxc6 Rxa2) 20. Bxc6 $18 Rxb2+ {[#]} 21. Kg1 $1 Re7 {[#]} 22. Bxd5 $1 {[%mdl 512]} Bxh3 {White must now prevent ...Ree2.} (22... Bxd5 23. Rc8+) 23. Rc2 (23. Ng5 $16 Bd7 24. Qd3) 23... Rxc2 $11 24. Qxc2 Bd7 25. Qc4 h6 26. b4 Qg6 (26... g5 $11) 27. Kf2 $16 Bg4 (27... Qb6 $16) 28. Nc6 Rc7 29. b5 (29. Nfe5 $142 Qf6+ 30. Ke3 (30. Kg1 Be6 $16)) 29... Bxf3 30. Bxf3 Qf6 31. Qe2 (31. g3 $16) 31... Rb7 $11 32. Qe8+ Kh7 33. Qe4+ g6 34. Qd4 Qf5 35. Na7 (35. b6 $11 Qb5 36. Nd8 Qxb6 37. Qxb6 Rxb6 38. Nxf7) 35... Qc2+ (35... Rd7 $15 36. Qe3 Rd3) 36. Kg1 {[%mdl 32768] Accuracy: White = 67%, Black = 65%. . Sensor Board Error (Ke4/e5)?} 0-1

[Event "SVK Extraliga 2019-20"]
[Site "Slovakia"]
[Date "2020.09.04"]
[Round "9.6"]
[White "Druska, Juraj"]
[Black "Hanko, Pavol"]
[Result "1-0"]
[WhiteElo "2500"]
[BlackElo "2104"]
[Annotator "TA"]
[PlyCount "39"]
[EventDate "2019.10.19"]
[EventType "team-tourn"]
[EventCountry "SVK"]
[SourceTitle "playchess.com"]
[Source "ChessBase"]
[SourceQuality "1"]
[WhiteTeam "Prakovce"]
[BlackTeam "Dunajov"]

{[%evp 14,39,52,50,62,50,60,58,70,75,73,73,83,87,84,82,87,78,64,56,73,47,885,887,813,814,29998,29999]} 1. e4 c5 2. Nf3 e6 3. d4 cxd4 4. Nxd4 Nf6 5. Nc3 d6 6. g4 h6 7. h4 a6 8. Rg1 h5 {B81: Sicilian Scheveningen: Keres Attack.} 9. gxh5 Nxh5 10. Bg5 Nf6 {White is slightly better.} 11. Qd2 Nc6 12. O-O-O {And now Nxc6 would win.} Qb6 13. Nxc6 bxc6 {[#]} 14. e5 $146 ({Predecessor:} 14. Rg3 Rb8 15. b3 d5 16. Kb1 Bb4 17. Bxf6 gxf6 18. Qf4 Be7 19. h5 Qb4 20. h6 {1-0 (41) Schuermans,R (2130)-Cools,G (2278) Gent 2011}) 14... dxe5 15. Bg2 {[#] Intending Bxc6+! and mate.} Be7 16. Ne4 Rb8 $1 {[%csl Gb8][%cal Rb6b2]} ({Avoid the trap} 16... Nxe4 $2 17. Bxe4 Bxg5 18. Rxg5 $18) 17. b3 Qb4 $2 {[%mdl 8192]} (17... Qc7 $14) 18. Nxf6+ $18 {[%mdl 64] [#] Discovered Attack} gxf6 19. Bxc6+ Kf8 20. Bh6+ {Accuracy: White = 100%, Black = 69%.} 1-0

[Event "SVK Extraliga 2019-20"]
[Site "Slovakia"]
[Date "2020.09.04"]
[Round "9.6"]
[White "Czebe, Attila"]
[Black "Cibickova, Zuzana"]
[Result "0-1"]
[WhiteElo "2379"]
[BlackElo "2256"]
[Annotator "TA"]
[PlyCount "86"]
[EventDate "2019.10.19"]
[EventType "team-tourn"]
[EventCountry "SVK"]
[SourceTitle "playchess.com"]
[Source "ChessBase"]
[SourceQuality "1"]
[WhiteTeam "Streda"]
[BlackTeam "Komarno"]

{[%evp 16,86,21,0,10,3,5,0,0,0,0,0,2,-14,0,-25,-16,-18,-7,-22,-1,-6,-9,-8,-6,-30,-22,-37,-31,-29,-32,-51,-50,-114,-108,-192,-58,-178,-146,-146,-80,-73,-52,-38,-45,-39,33,0,9,10,16,-272,0,0,0,-31,0,-82,-82,-79,-87,-85,-72,-93,-99,-936,-927,-850,-821,-12837,-12838,-12810,-5897]} 1. Nf3 d5 2. g3 Bg4 3. Bg2 c6 4. O-O Nd7 5. d3 e6 6. b3 Ngf6 7. Bb2 Be7 8. Nbd2 O-O 9. e4 Bh5 {A07: Réti Opening: New York and Capablanca Systems.} 10. Re1 a5 11. a3 b5 {The position is equal.} 12. Qe2 Qb6 13. h3 {[#]} h6 $146 ({Predecessor:} 13... Rfd8 14. Nf1 Bg6 15. Nh4 Bc5 16. Nxg6 hxg6 17. Ne3 Bd4 18. Bxd4 Qxd4 19. a4 Nc5 20. axb5 cxb5 21. exd5 exd5 {½-½ (58) Vajda,L (2566)-Gonda,L (2546) Hungary 2016}) 14. Qf1 Bg6 15. Kh2 Bc5 16. Re2 dxe4 17. dxe4 Rfe8 18. Nh4 Bh7 19. e5 Nd5 20. Ne4 Bxe4 21. Bxe4 Bd4 22. Bxd4 Qxd4 23. Rd1 Qc5 24. Bxd5 (24. Qe1 $15) 24... cxd5 $17 25. f4 (25. Ra1 $17 {was worth a try.}) 25... g6 ({Better is} 25... Qxa3 $19 {aiming for ...Qc5.} 26. Nf3 a4) 26. g4 (26. Qf3 $15) 26... Qxa3 $19 27. f5 Nf8 (27... Qe7 $142 $1 {[%cal Re7h4]} 28. Qf2 a4 29. bxa4 bxa4 30. fxg6 fxg6) 28. Nf3 Qc5 29. Qe1 $1 exf5 30. gxf5 gxf5 (30... Ra6 $15) 31. Nd4 Ra6 32. Nxf5 Rg6 {With the idea ...Nd7.} 33. Qh4 $2 {[%mdl 8192] [#]} (33. Qd2 $11 {and White stays safe.}) 33... Ree6 $2 ({Black should play} 33... Rxe5 $1 $19 {[%mdl 512]} 34. Qf2 (34. Rxe5 Qxc2+) 34... Rxe2 35. Qxe2 Ne6) 34. Rf1 $11 Qc7 35. Nd6 Rg7 {Strongly threatening ...Ng6.} 36. Qd4 {[#]} (36. Nf5 $11 {remains equal.}) 36... Ng6 $1 $17 {[%cal Rg6e5]} 37. Kh1 {[#]} Nxe5 $1 {[%mdl 512]} 38. Nf5 (38. Rxe5 Qxd6) 38... Rgg6 39. Qxd5 Qc3 $36 {[%mdl 2048] Black is really pushing.} 40. Qd8+ $2 {[%mdl 8192]} (40. Re3 $17 Qc6 41. Qe4) 40... Kh7 $19 {Black is clearly winning.} 41. Ne3 Rg3 {[%mdl 64] Double Attack} 42. Ng4 Rxh3+ 43. Nh2 Qc6+ {Accuracy: White = 55%, Black = 76%.} 0-1

[Event "SVK Extraliga 2019-20"]
[Site "Slovakia"]
[Date "2020.09.04"]
[Round "9.7"]
[White "Gazik, Igor"]
[Black "Csonka, Attila Istvan"]
[Result "0-1"]
[WhiteElo "2221"]
[BlackElo "2356"]
[Annotator "TA"]
[PlyCount "86"]
[EventDate "2019.10.19"]
[EventType "team-tourn"]
[EventCountry "SVK"]
[SourceTitle "playchess.com"]
[Source "ChessBase"]
[SourceQuality "1"]
[WhiteTeam "Podhajska"]

{[%evp 9,86,33,42,-6,-4,-4,-6,-12,-8,-20,-25,-60,0,-32,0,-43,-13,-18,-8,-16,27,23,12,-8,-10,-6,-8,-18,-27,-75,-83,-80,-74,-176,-169,-156,-158,-143,-149,-158,-158,-158,-158,-158,-161,-148,-164,-149,-142,-164,-153,-171,-173,-165,-164,-184,-187,-355,-300,-411,-312,-430,-371,-697,-623,-522,-522,-8275,-783,-6103,-5613,-2720,-2691,-29982,-29983,-29982,-29983,-29982,-29983]} 1. e4 c6 2. d4 d5 3. Nc3 dxe4 4. Nxe4 Nf6 5. Nxf6+ exf6 6. Ne2 {B15: Caro-Kann: 3 Nc3: 3...g6 and 3...dxe4 4 Nxe4 Nf6 5 Nxf6+ exf6.} Bd6 7. Bf4 O-O 8. Qd2 {The position is equal.} Be6 {[#]} 9. h4 $146 ({Predecessor:} 9. Nc3 Re8 10. O-O-O Bb4 11. a3 Qa5 12. axb4 Qa1+ 13. Nb1 Ba2 14. Qc3 Bxb1 15. Kd2 {1-0 (27) Verhoef,J (2015)-Fischer,R (1923) Caleta 2020}) 9... Re8 10. h5 Na6 (10... h6 $15) 11. h6 g6 12. a3 Bxf4 13. Nxf4 Bg4+ 14. Be2 Re4 {And now ...Qd6 would win.} 15. O-O-O $1 Rxf4 16. f3 {[#]} Bxf3 $1 17. Bxf3 Qd6 18. Rhe1 Nc7 19. Qb4 Qxb4 {Black continues to play with concentration.} 20. axb4 {next Re7 is good for White.} Kf8 21. b5 (21. d5 $17 {was called for.} Nxd5 22. Bxd5 cxd5 23. Rxd5) 21... Nxb5 $19 22. d5 Nd4 23. dxc6 bxc6 24. Re4 Rxe4 25. Bxe4 $17 {[%mdl 4096] Endgame KRB-KRN} Rd8 {Hoping for ...Ne2+.} 26. c3 Ne2+ 27. Kc2 Rxd1 28. Kxd1 {[#] KB-KN} Ng3 $1 {[%cal Rg3e4]} 29. Bxc6 Ke7 30. Kc2 Nf5 31. Kd3 Kd6 ({Much less strong is} 31... Nxh6 32. b4 $17) 32. Be8 Nxh6 33. Kc4 $2 (33. b4) 33... f5 34. Kb5 Kc7 35. b4 f4 36. c4 $2 (36. Ka6 Kb8 37. Kb5) 36... Nf5 37. Ka6 Nd6 38. Bb5 g5 (38... Nxb5 $142 39. cxb5 Kb8) 39. Kxa7 g4 40. Ba6 f3 41. gxf3 g3 {Black mates.} 42. c5 g2 43. cxd6+ Kxd6 {Accuracy: White = 43%, Black = 79%.} 0-1